Municipalities in Møre og Romsdal, Norway - Statistics

General Stats
  • This quiz has been taken 59 times
  • The average score is 15 of 26
Answer Stats
Population Answer % Correct
66.670 Ålesund
100%
31.870 Molde
100%
24.099 Kristiansund
86%
10.781 Volda
77%
10.830 Ørsta
68%
7.026 Rauma
68%
2.502 Fjord
59%
8.858 Herøy
59%
4.482 Stranda
55%
6.956 Sunndal
55%
7.596 Sykkylven
55%
3.522 Aukra
50%
8.506 Giske
50%
2.128 Smøla
50%
5.872 Surnadal
50%
6.558 Vestnes
50%
3.468 Aure
45%
5.808 Averøy
45%
2.658 Gjemnes
45%
5.140 Hareid
45%
2.445 Sande
45%
9.409 Sula
45%
8.575 Ulstein
45%
3.083 Vanylven
45%
13.317 Hustadvika
41%
2.985 Tingvoll
41%
No matching quizzes found
Score Distribution
Percent of People with Each Score
Percentile by Number Answered
Your Score History
You have not taken this quiz